| 000 | 03196nam0a2200397 4500 | ||
|---|---|---|---|
| 001 | RU\NLR\BIBL_A\012676282 | ||
| 005 | 20241228104433.0 | ||
| 010 |
_a978-5-9296-1113-1 _9500 |
||
| 021 |
_aRU _bКН-П-21-056028 _9КН-П-21-4387 |
||
| 035 | _a(NLR Aleph) 012676282 | ||
| 090 |
_a12800697 _c12800697 |
||
| 100 | _a20211224d2021 k y0rusy50 ca | ||
| 101 | 0 |
_arus _aeng |
|
| 102 | _aRU | ||
| 105 | _aa|||z|||000zy | ||
| 181 | 0 |
_ai _baxxe |
|
| 182 | 0 | _an | |
| 200 | 1 |
_aЦифровая трансформация инклюзивного образования в условиях пандемии COVID - 19 _dDigital transformation of inclusive education in the context of the covid-19 Pandemic _eсборник научных статей по материалам Международной научно-практической конференции, 13 марта - 13 апреля 2021 г. _fМинистерство науки и высшего образования Российской Федерации, Федеральное государственное автономное образовательное учреждение высшего образования Северо-Кавказский федеральный университет, Россия, Университет Манитобы, Канада, Университет Виннипега, Канада _gпод ред. Н. М. Борозинец [и др.] _zeng |
|
| 203 |
_aТекст _bвизуальный _cнепосредственный |
||
| 210 |
_aСтаврополь _cИзд-во СКФУ _d2021 |
||
| 215 |
_a259, [1] с. _cил., табл. _d21 |
||
| 300 | _aЧасть текста англ. | ||
| 320 | _aБиблиогр. в конце ст. | ||
| 510 | 1 |
_aDigital transformation of inclusive education in the context of the covid-19 Pandemic _zeng |
|
| 606 | 1 |
_aИнклюзивные учебные заведения _jСъезды, совещания и т.п _xОрганизация учебного процесса в условиях эпидемии COVID-19 _92499815 _3RU\NLR\AUTH\6601698273 |
|
| 606 | 1 |
_aИнклюзивное образование _jСъезды, совещания и т.п _xИнформационные технологии _92278698 _3RU\NLR\AUTH\6601593770 |
|
| 686 | 1 | _aЧ430.12я431 | |
| 702 | 1 |
_aБорозинец _bН. М. _gНаталья Михайловна _4340 |
|
| 711 | 1 | 2 |
_a"Цифровая трансформация инклюзивного образования в условиях пандемии COVID-19", международная научно-практическая конференция _eСтаврополь _f2021 _9783562 _3RU\NLR\AUTH\880558159 |
| 712 | 0 | 2 |
_4475 _aСеверо-Кавказский федеральный университет _cСтаврополь _9357867 _3RU\NLR\AUTH\8810236290 |
| 712 | 0 | 2 |
_4570 _aУниверситет Манитобы _cВиннипег _9583997 _3RU\NLR\AUTH\8810042291 |
| 942 | _cBOOK | ||
| 980 | _aNB | ||